[Event "Dutch League 2023-24"]
[Site "Netherlands NED"]
[Date "2024.03.23"]
[Round "8.7"]
[White "Kokje, Joris"]
[Black "Strating, Sybolt"]
[Result "1/2-1/2"]
[WhiteTitle "FM"]
[BlackTitle "FM"]
[WhiteElo "2288"]
[BlackElo "2313"]
[WhiteTeam "Paul Keres"]
[BlackTeam "Zukertort Amstelveen"]
[WhiteFideId "1051024"]
[BlackFideId "1002694"]
[EventDate "2023.09.16"]
[EventType "team-tourn"]

1. d4 d5 2. c4 c6 3. Nf3 Nf6 4. g3 Bf5 5. cxd5 cxd5 6. Nc3 Nc6 7. Bg2 e6 8. Nh4
Bg4 9. h3 Bh5 10. g4 Nd7 11. Nf3 Bg6 12. O-O Be7 13. Bf4 O-O 14. Rc1 a6 15. Re1
Rc8 16. a3 Nb6 17. e3 Nc4 18. Qb3 b5 19. Nb1 Qa5 20. Red1 Qa4 21. Qxa4 bxa4 22.
Rxc4 dxc4 23. Nc3 Bc2 24. Rc1 Bb3 25. Kf1 Rfd8 26. Ke2 f6 27. Nd2 Kf7 28. Bg3
Rd7 29. Nde4 Na7 30. f4 g6 31. Rf1 f5 32. Nd2 Nb5 33. Rc1 Nxc3+ 34. Rxc3 Bd8 35.
Nf3 Rd6 36. Ne5+ Kg7 37. Rc1 Ba5 38. Be1 Bxe1 39. Kxe1 Rb6 40. Nd7 Rb5 41. Nc5
Kf7 42. Nxa6 Ba2 43. Nb4 Bb3 44. Kd2 g5 45. gxf5 Rxf5 46. Be4 Rb5 47. Rf1 Kg7
48. Kc3 gxf4 49. Rxf4 Rg5 50. d5 exd5 51. Nxd5 h5 52. Bf5 Rd8 53. Nc7 Rxf5 54.
Rxf5 Rd3+ 55. Kb4 Rxe3 56. Rxh5 Re2 57. Rc5 Rxb2 58. Nd5 Rh2 59. Nb6 Rxh3 60.
Nxa4 Bxa4 61. Kxa4 Rc3 62. Kb4 Rb3+ 63. Kxc4 1/2-1/2

[Event "Dutch League 2023-24"]
[Site "Netherlands NED"]
[Date "2024.03.23"]
[Round "8.8"]
[White "Van Gisbergen, Stan"]
[Black "Ondersteijn, Niels"]
[Result "0-1"]
[WhiteTitle "FM"]
[BlackTitle "IM"]
[WhiteElo "2262"]
[BlackElo "2363"]
[WhiteTeam "Zukertort Amstelveen"]
[BlackTeam "Paul Keres"]
[WhiteFideId "1002066"]
[BlackFideId "1011162"]
[EventDate "2023.09.16"]
[EventType "team-tourn"]

1. d4 d6 2. c4 Nf6 3. Nc3 g6 4. e4 Bg7 5. f3 a6 6. Be3 O-O 7. Qd2 Nbd7 8. O-O-O
c6 9. Nge2 b5 10. g4 Qa5 11. g5 Ne8 12. Ng3 b4 13. Nb1 c5 14. h4 cxd4 15. Bxd4
Ne5 16. Bxe5 Qxe5 17. f4 Qc5 18. h5 Nc7 19. Bd3 Be6 20. Qe2 d5 21. Nd2 dxc4 22.
Nxc4 Rfd8 23. b3 Nb5 24. hxg6 hxg6 25. f5 Bxc4 26. Bxc4 Qe5 27. f6 Qxg5+ 0-1

[Event "Dutch League 2023-24"]
[Site "Netherlands NED"]
[Date "2024.03.23"]
[Round "8.9"]
[White "Van Kerkhof, David"]
[Black "Roosendaal, Eric"]
[Result "0-1"]
[WhiteTitle "FM"]
[WhiteElo "2350"]
[BlackElo "2003"]
[WhiteTeam "Paul Keres"]
[BlackTeam "Zukertort Amstelveen"]
[WhiteFideId "1012827"]
[BlackFideId "1009354"]
[EventDate "2023.09.16"]
[EventType "team-tourn"]

1. Nf3 Nf6 2. c4 c5 3. g3 Nc6 4. Bg2 g6 5. Nc3 Bg7 6. d4 cxd4 7. Nxd4 Nxd4 8.
Qxd4 O-O 9. O-O d6 10. Qd3 Rb8 11. Be3 b6 12. Rac1 Bb7 13. Nd5 Nxd5 14. cxd5
Bxb2 15. Rc2 Bg7 16. Rfc1 Rc8 17. Rxc8 Bxc8 18. Qc4 Bf6 19. Qc7 Qxc7 20. Rxc7
Ba6 21. Kf1 Ra8 22. Bh3 Bb5 23. Bc8 Kf8 24. Bb7 Rb8 25. Bc6 a6 26. Bb7 Bc4 27.
a4 Bb3 28. Bxb6 Bxd5 29. Bxd5 Rxb6 30. a5 Rb5 31. Bc4 Rxa5 32. Ra7 Ra1+ 33. Kg2
a5 34. Bb5 h5 35. h4 Ra3 36. Bd3 Bd4 37. Ra8+ Kg7 38. Bb5 Bc5 39. Bc4 Ra1 40.
Bb5 Bb4 41. Kf3 Bc5 42. Kg2 Bb4 43. Kf3 Rc1 44. Ra7 Rc5 45. Bd3 Kf6 46. Kg2 Rc1
47. Kf3 Rf1 48. Rb7 Bc5 49. e3 Ra1 50. Rb2 a4 51. Bc4 Rc1 52. Ba2 a3 53. Rb1
Rxb1 54. Bxb1 d5 55. Ba2 Ke5 56. Ke2 f6 57. f4+ Kd6 58. Kd3 Bb4 59. Ke2 e6 60.
Bb3 Ba5 61. Ba2 Bd8 62. Kf2 e5 63. fxe5+ fxe5 64. Ke2 Kc5 65. Kd2 Ba5+ 66. Ke2
Bc7 67. Ke1 d4 68. e4 d3 0-1

[Event "Dutch League 2023-24"]
[Site "Netherlands NED"]
[Date "2024.03.23"]
[Round "8.10"]
[White "Schilstra, Laurens"]
[Black "Hommerson, Paul"]
[Result "1-0"]
[BlackTitle "FM"]
[WhiteElo "2154"]
[BlackElo "2288"]
[WhiteTeam "Zukertort Amstelveen"]
[BlackTeam "Paul Keres"]
[WhiteFideId "1043218"]
[BlackFideId "1025325"]
[EventDate "2023.09.16"]
[EventType "team-tourn"]

1. e4 e5 2. f4 d5 3. exd5 exf4 4. Bb5+ c6 5. dxc6 Nxc6 6. Nf3 Nf6 7. d4 Bd6 8.
O-O O-O 9. Nc3 Bg4 10. Bxc6 bxc6 11. Qd3 Qb6 12. Ne2 Rad8 13. Nxf4 Bxf4 14. Bxf4
Bxf3 15. Qxf3 Qxd4+ 16. Be3 Qxb2 17. Bxa7 Qxc2 18. a4 Rd3 19. Qf5 Nd5 20. Rac1
Qd2 21. Rxc6 g6 22. Qf2 Qxf2+ 23. Bxf2 Ra8 24. Ra1 Rd2 25. Rd6 Rc8 26. Be3 Re2
27. Bh6 Ne3 28. Bxe3 Rxe3 29. a5 Re7 30. a6 Rcc7 31. Rb6 Kg7 32. Rab1 Rc2 33.
R6b2 Rc6 34. Rb7 Re2 35. a7 Ra2 36. Rf1 Kh6 37. h4 Rcc2 38. Rfxf7 Kh5 39. Rxh7+
Kg4 40. Rb4+ Kg3 41. Rb3+ Kg4 42. Kh1 g5 43. hxg5 Kxg5 44. Rg3+ Kf6 45. Rb7 Rc1+
46. Kh2 Rca1 47. Rgg7 Ra3 48. g3 R3a2+ 49. Kh3 Rh1+ 50. Kg4 Ra4+ 51. Kf3 Rha1
52. Rbf7+ Ke6 53. Kg2 R1a2+ 54. Kh3 Ra1 55. g4 Rh1+ 56. Kg3 Rg1+ 57. Kh4 Rga1
58. Kg5 Ra5+ 59. Rf5 R5a4 60. Rf6+ Kd5 61. Rd7+ Ke5 62. Re7+ Kd5 63. Rf8 Kd6 64.
Rff7 Ra5+ 65. Kg6 R1a4 66. g5 Rg4 67. Rf5 Ra1 68. Kf6 Rga4 69. Re6+ Kd7 70. g6
Rg4 71. Rd5+ Kc7 72. Kg7 Rxa7 73. Re7+ Kc6 74. Rxa7 Kxd5 75. Ra6 Ke5 76. Kh7 Kf5
77. g7 Rh4+ 78. Rh6 1-0

[Event "Dutch League 2023-24"]
[Site "Netherlands NED"]
[Date "2024.03.23"]
[Round "8.1"]
[White "Glek, Igor"]
[Black "Keetman, Maaike"]
[Result "1-0"]
[WhiteTitle "GM"]
[BlackTitle "WFM"]
[WhiteElo "2409"]
[BlackElo "2118"]
[WhiteTeam "Charlois Europoort"]
[BlackTeam "De Waagtoren"]
[WhiteFideId "4100484"]
[BlackFideId "1033697"]
[EventDate "2023.09.16"]
[EventType "team-tourn"]

1. e4 c5 2. Nf3 d6 3. d4 cxd4 4. Qxd4 Nf6 5. h3 Nc6 6. Qe3 e6 7. Be2 d5 8. exd5
Nxd5 9. Qe4 Bc5 10. O-O Nf6 11. Qh4 Nd4 12. Nxd4 Qxd4 13. Qxd4 Bxd4 14. Rd1 e5
15. Bf3 O-O 16. Nd2 Re8 17. Nc4 Bc5 18. Bg5 e4 19. Be2 Be6 20. Nd6 Bxd6 21. Rxd6
Rad8 22. Rxd8 Rxd8 23. c4 h6 24. Be3 b6 25. a4 Rc8 26. b3 Nd7 27. a5 Nc5 28.
axb6 axb6 29. Ra3 Kf8 30. f3 f5 31. fxe4 fxe4 32. Kf2 Ke7 33. Bd4 g5 34. Ke3 Bf5
35. g4 Bg6 36. Ra7+ Ke6 37. Rg7 Bf7 38. b4 Nd3 39. Kxe4 Nxb4 40. c5 Nd5 41. Bc4
Rd8 42. cxb6 1-0

[Event "Dutch League 2023-24"]
[Site "Netherlands NED"]
[Date "2024.03.23"]
[Round "8.2"]
[White "Van Liempt, Michael"]
[Black "Kollen, Zyon"]
[Result "0-1"]
[BlackTitle "FM"]
[WhiteElo "2126"]
[BlackElo "2331"]
[WhiteTeam "De Waagtoren"]
[BlackTeam "Charlois Europoort"]
[WhiteFideId "1012665"]
[BlackFideId "1024256"]
[EventDate "2023.09.16"]
[EventType "team-tourn"]

1. e4 e6 2. d4 d5 3. Bd3 dxe4 4. Bxe4 Nf6 5. Bf3 c5 6. Ne2 Nc6 7. Nbc3 Nxd4 8.
Ng3 Qc7 9. Be3 Nxf3+ 10. Qxf3 Bd7 11. Nh5 Nxh5 12. Qxh5 g6 13. Qf3 Bc6 14. Qf6
Rg8 15. Qh4 h5 16. O-O-O Be7 17. Qc4 Bxg2 18. Nb5 Qc6 19. Bf4 g5 20. Nd6+ Kf8
21. Rhe1 Bd5 22. Qe2 Bxd6 23. Be3 Bf3 24. Rxd6 Bxe2 25. Rxc6 bxc6 26. Bxc5+ Kg7
27. Rxe2 Rgd8 28. Be7 Rd5 29. c4 Rd4 30. b3 Kg6 31. Re5 f6 32. Rxe6 Kf7 33. Bxf6
Rxc4+ 34. bxc4 Kxe6 35. Bxg5 Kf5 36. Be3 a6 37. Kc2 Rg8 38. Kc3 Rg2 39. h4 Rh2
40. Bg5 Rxf2 41. a3 c5 42. Be7 Rf3+ 43. Kb2 Rh3 44. a4 Ke4 45. Bxc5 Rxh4 46. Kc3
Rf4 47. Bd6 h4 48. c5 h3 0-1

[Event "Dutch League 2023-24"]
[Site "Netherlands NED"]
[Date "2024.03.23"]
[Round "8.3"]
[White "Vandenbussche, Thibaut"]
[Black "Bakker, Tycho"]
[Result "1-0"]
[WhiteTitle "IM"]
[WhiteElo "2428"]
[BlackElo "1940"]
[WhiteTeam "Charlois Europoort"]
[BlackTeam "De Waagtoren"]
[WhiteFideId "204412"]
[BlackFideId "1077023"]
[EventDate "2023.09.16"]
[EventType "team-tourn"]

1. e4 e5 2. Nf3 Nc6 3. d4 exd4 4. Bc4 Nf6 5. e5 Ne4 6. Qe2 Nc5 7. Ng5 Ne6 8.
Nxe6 dxe6 9. O-O Bc5 10. Nd2 Qe7 11. a3 Bd7 12. Nf3 h6 13. b4 Bb6 14. Bd3 O-O-O
15. b5 Nb8 16. a4 f5 17. Nd2 Bc5 18. Nb3 Bb4 19. Bb2 Bc3 20. Bxc3 dxc3 21. Qe3
b6 22. a5 Be8 23. axb6 axb6 24. Ra7 Bh5 25. Bc4 Rd5 26. Bxd5 exd5 27. Nd4 f4 28.
Qh3+ 1-0

[Event "Dutch League 2023-24"]
[Site "Netherlands NED"]
[Date "2024.03.23"]
[Round "8.4"]
[White "Geerke, Daan"]
[Black "Maerevoet, Sim"]
[Result "0-1"]
[BlackTitle "IM"]
[WhiteElo "2071"]
[BlackElo "2442"]
[WhiteTeam "De Waagtoren"]
[BlackTeam "Charlois Europoort"]
[WhiteFideId "1304526"]
[BlackFideId "241725"]
[EventDate "2023.09.16"]
[EventType "team-tourn"]

1. d4 Nf6 2. Bf4 c5 3. e3 Nd5 4. Bg3 cxd4 5. Qxd4 e6 6. c4 Nc6 7. Qd1 Bb4+ 8.
Nd2 Nf6 9. Nf3 d5 10. a3 Bxd2+ 11. Nxd2 O-O 12. cxd5 exd5 13. Bb5 d4 14. Bxc6
bxc6 15. O-O dxe3 16. fxe3 Qd3 17. Re1 Re8 18. Nf1 Qg6 19. Rc1 Ne4 20. Qc2 c5
21. Nd2 Nxg3 22. Qxg6 hxg6 23. hxg3 Rb8 24. Rxc5 Rxb2 25. Nf3 Bb7 26. e4 Kf8 27.
Ne5 Kg8 28. Nf3 Rd8 29. a4 a6 30. a5 Rd3 31. Rec1 f6 32. e5 Bxf3 33. gxf3 Rxf3
34. e6 Rxg3+ 35. Kf1 Rf3+ 36. Kg1 Re3 37. Rc6 Kh7 38. Rd1 Ra2 39. Rxa6 f5 40.
Kf1 f4 41. Re1 Rf3+ 42. Kg1 Rg3+ 43. Kf1 Rgg2 44. Re4 Rh2 45. Kg1 f3 0-1

[Event "Dutch League 2023-24"]
[Site "Netherlands NED"]
[Date "2024.03.23"]
[Round "8.5"]
[White "Nemec, Vjekoslav"]
[Black "Korneev, Oleg"]
[Result "1/2-1/2"]
[WhiteTitle "CM"]
[BlackTitle "GM"]
[WhiteElo "2266"]
[BlackElo "2481"]
[WhiteTeam "De Waagtoren"]
[BlackTeam "Charlois Europoort"]
[WhiteFideId "14540274"]
[BlackFideId "4156803"]
[EventDate "2023.09.16"]
[EventType "team-tourn"]

1. e4 g6 2. d4 Bg7 3. Nc3 d6 4. f4 a6 5. Nf3 b5 6. Bd3 Nd7 7. Be3 Bb7 8. e5 Nh6
9. Qe2 c5 10. dxc5 dxe5 11. fxe5 Qc7 12. Be4 Bxe4 13. Nxe4 Nxe5 14. O-O-O O-O
15. Bd4 Nxf3 16. Qxf3 Bxd4 17. Rxd4 Nf5 18. Rdd1 Rad8 19. Rxd8 Rxd8 1/2-1/2

[Event "Dutch League 2023-24"]
[Site "Netherlands NED"]
[Date "2024.03.23"]
[Round "8.6"]
[White "Reinderman, Dimitri"]
[Black "Lecomte, Robin"]
[Result "1-0"]
[WhiteTitle "GM"]
[WhiteElo "2573"]
[BlackElo "2233"]
[WhiteTeam "De Waagtoren"]
[BlackTeam "Charlois Europoort"]
[WhiteFideId "1001302"]
[BlackFideId "1037170"]
[EventDate "2023.09.16"]
[EventType "team-tourn"]

1. c4 Nf6 2. Nf3 e6 3. g3 d5 4. Bg2 Be7 5. O-O O-O 6. d4 c6 7. b3 Nbd7 8. Bb2 b6
9. Qc2 Bb7 10. Nc3 Rc8 11. e4 dxe4 12. Nxe4 Nxe4 13. Qxe4 Nf6 14. Qc2 h6 15.
Rad1 Qc7 16. c5 Rfd8 17. a3 bxc5 18. dxc5 Rxd1 19. Rxd1 Rd8 20. b4 Rxd1+ 21.
Qxd1 Nd5 22. Qd4 Bf6 23. Qd2 Bxb2 24. Qxb2 Qe7 25. Qe5 Qc7 26. Qxc7 Nxc7 27. Nd4
Nd5 28. Bxd5 exd5 29. a4 a6 30. Nf5 Kf8 31. Nd6 Ba8 32. f4 1-0

[Event "Dutch League 2023-24"]
[Site "Netherlands NED"]
[Date "2024.03.23"]
[Round "8.7"]
[White "Geirnaert, Steven"]
[Black "De Rover, Yong Hoon"]
[Result "1-0"]
[WhiteTitle "IM"]
[BlackTitle "IM"]
[WhiteElo "2446"]
[BlackElo "2317"]
[WhiteTeam "Charlois Europoort"]
[BlackTeam "De Waagtoren"]
[WhiteFideId "203866"]
[BlackFideId "1010298"]
[EventDate "2023.09.16"]
[EventType "team-tourn"]

1. d4 Nf6 2. c4 c5 3. d5 b5 4. cxb5 a6 5. bxa6 g6 6. Nc3 Bxa6 7. e4 Bxf1 8. Kxf1
d6 9. Nf3 Bg7 10. g3 O-O 11. Kg2 Nbd7 12. a4 Qb6 13. Qc2 Rfb8 14. Nb5 Ne8 15.
Bg5 Nc7 16. Nxc7 Qxc7 17. Rab1 c4 18. b4 c3 19. a5 Rb5 20. Rb3 Qb7 21. Rhb1 f5
22. exf5 Rxd5 23. Qe4 gxf5 24. Qxe7 Rd3 25. Be3 c2 26. Rc1 Rxb3 27. Qe6+ Kh8 28.
Qxb3 Rxa5 29. Qxc2 Rb5 30. Qd3 h6 31. Rc8+ Kh7 32. Qc2 Qe4 33. Bd4 Bxd4 34. Qxe4
fxe4 35. Nxd4 Rxb4 36. Nf5 Nf6 37. Rf8 Kg6 38. Ne7+ Kg7 39. Rxf6 1-0

[Event "Dutch League 2023-24"]
[Site "Netherlands NED"]
[Date "2024.03.23"]
[Round "8.8"]
[White "De Ruiter, Danny"]
[Black "Kunin, Vitaly"]
[Result "0-1"]
[WhiteTitle "FM"]
[BlackTitle "GM"]
[WhiteElo "2251"]
[BlackElo "2528"]
[WhiteTeam "De Waagtoren"]
[BlackTeam "Charlois Europoort"]
[WhiteFideId "1020650"]
[BlackFideId "4128737"]
[EventDate "2023.09.16"]
[EventType "team-tourn"]

1. d4 d5 2. c4 dxc4 3. e4 e5 4. Nf3 exd4 5. Bxc4 Nc6 6. O-O Nf6 7. e5 Ne4 8. Re1
Nc5 9. b4 Ne6 10. b5 Na5 11. Bxe6 Bxe6 12. Nxd4 Bc5 13. Nxe6 fxe6 14. Qg4 O-O
15. Be3 Bxe3 16. Rxe3 Qe7 17. Nc3 Rad8 18. Ne4 Rf5 19. Ng3 Rff8 20. Ne4 Rf5 21.
Ng3 Rf7 22. Ne4 Rd4 23. Rg3 Kf8 24. Rh3 h6 25. Qg6 Qd7 26. g4 Nc4 27. Ng5 Rxg4+ 0-1

[Event "Dutch League 2023-24"]
[Site "Netherlands NED"]
[Date "2024.03.23"]
[Round "8.9"]
[White "De Wit, Michel"]
[Black "Van Tellingen, Frank"]
[Result "1/2-1/2"]
[WhiteTitle "FM"]
[BlackTitle "FM"]
[WhiteElo "2090"]
[BlackElo "2275"]
[WhiteTeam "Charlois Europoort"]
[BlackTeam "De Waagtoren"]
[WhiteFideId "1002210"]
[BlackFideId "1011421"]
[EventDate "2023.09.16"]
[EventType "team-tourn"]

1. e4 c5 2. c3 d5 3. exd5 Qxd5 4. d4 Nf6 5. Nf3 Nc6 6. Be3 cxd4 7. cxd4 e6 8.
Nc3 Qd6 9. Qd2 Be7 10. Be2 O-O 11. O-O a6 12. Rac1 Nb4 13. Ne5 Nbd5 14. Bg5 Qd8
15. Bxf6 Bxf6 16. Bf3 Bg5 17. Qd3 Bxc1 18. Rxc1 Qg5 19. Rd1 Rd8 20. Qc4 Nxc3 21.
bxc3 Qe7 22. Qb3 Bd7 23. Qxb7 Rab8 24. Nc6 Qd6 25. Nxb8 Rxb8 26. Qa7 Rc8 27. Bb7
Rxc3 28. Qxa6 Qxa6 29. Bxa6 Bc6 30. Ra1 Ra3 31. Bc4 Kf8 32. Rc1 Ke7 33. Bxe6
fxe6 34. Rxc6 Rxa2 35. g3 Ra4 36. Rc7+ Kf6 37. Rd7 h5 38. Kg2 Ra3 39. d5 exd5
40. Rxd5 g6 41. Rd7 Rb3 42. Ra7 Rc3 43. h3 Rb3 44. g4 hxg4 45. hxg4 g5 46. Ra6+
Kf7 47. Ra5 Kg6 48. Re5 Rb4 49. Kg3 Rb3+ 50. Re3 Rb4 51. Re6+ Kf7 52. Re2 1/2-1/2

[Event "Dutch League 2023-24"]
[Site "Netherlands NED"]
[Date "2024.03.23"]
[Round "8.10"]
[White "Agter, Frank"]
[Black "Van Drunen, Kees"]
[Result "1-0"]
[WhiteElo "2244"]
[BlackElo "2086"]
[WhiteTeam "De Waagtoren"]
[BlackTeam "Charlois Europoort"]
[WhiteFideId "1017349"]
[BlackFideId "1018906"]
[EventDate "2023.09.16"]
[EventType "team-tourn"]

1. c4 c6 2. g3 d5 3. Nf3 Nf6 4. Bg2 Bg4 5. Ne5 Bf5 6. cxd5 cxd5 7. Nc3 e6 8. O-O
Nc6 9. Qa4 Qa5 10. Qxa5 Nxa5 11. Nb5 Rd8 12. Nc7+ Ke7 13. b3 Nd7 14. Nf3 a6 15.
Ba3+ Kf6 16. Bb2+ Ke7 17. Nd4 Bg6 18. f4 Be4 19. Bh3 Kd6 20. Rac1 Nc5 21. d3
Kxc7 22. dxe4 Nc6 23. f5 dxe4 24. Nxc6 bxc6 25. fxe6 f6 26. Rc4 Re8 27. Rfc1
Nxe6 28. Rxc6+ Kd7 29. Rxa6 1-0

[Event "Dutch League 2023-24"]
[Site "Netherlands NED"]
[Date "2024.03.23"]
[Round "8.1"]
[White "Van Foreest, Lucas"]
[Black "Kuipers, Stefan"]
[Result "1/2-1/2"]
[WhiteTitle "GM"]
[BlackTitle "IM"]
[WhiteElo "2512"]
[BlackElo "2444"]
[WhiteTeam "Groninger Combinatie"]
[BlackTeam "AMEVO Apeldoorn"]
[WhiteFideId "1039792"]
[BlackFideId "1018400"]
[EventDate "2023.09.16"]
[EventType "team-tourn"]

1. Nf3 d5 2. e3 Nf6 3. c4 e6 4. b3 c5 5. Bb2 Nc6 6. cxd5 exd5 7. Be2 Bd6 8. d4
cxd4 9. Nxd4 O-O 10. O-O Re8 11. Nd2 a6 12. Nxc6 bxc6 13. Bd3 Bb7 14. Qc2 c5 15.
Rfe1 Qe7 16. Bxf6 Qxf6 17. Bxh7+ Kh8 18. Bd3 g6 19. Bf1 Kg7 20. h3 a5 21. Rac1
a4 22. g3 axb3 23. axb3 Be5 24. Bg2 Bb2 25. Rb1 Ra2 26. Nc4 dxc4 27. Bxb7 c3 28.
Red1 Qf5 29. Rd3 Ra7 30. Bd5 Qxh3 31. Rxc3 Bxc3 32. Qxc3+ Kg8 33. Qxc5 Ra2 34.
Qc6 Kf8 35. b4 Rxf2 36. Qd6+ Re7 37. Kxf2 Qf5+ 38. Kg2 Qc2+ 39. Kf3 Qf5+ 40. Kg2
Qc2+ 41. Kf3 Qf5+ 42. Kg2 Qxb1 43. e4 Qc2+ 44. Kf3 Qc3+ 45. Kg2 Qc2+ 46. Kf3
Qc3+ 1/2-1/2

[Event "Dutch League 2023-24"]
[Site "Netherlands NED"]
[Date "2024.03.23"]
[Round "8.2"]
[White "Van Delft, Merijn"]
[Black "Ernst, Sipke"]
[Result "1/2-1/2"]
[WhiteTitle "IM"]
[BlackTitle "GM"]
[WhiteElo "2379"]
[BlackElo "2523"]
[WhiteTeam "AMEVO Apeldoorn"]
[BlackTeam "Groninger Combinatie"]
[WhiteFideId "1004670"]
[BlackFideId "1004689"]
[EventDate "2023.09.16"]
[EventType "team-tourn"]

1. e4 e5 2. Nf3 Nc6 3. Bb5 a6 4. Ba4 g6 5. c3 Bg7 6. d4 exd4 7. cxd4 b5 8. Bc2
d6 9. h3 Nf6 10. a3 O-O 11. Nc3 Re8 12. O-O Bb7 13. Re1 Rc8 14. Bg5 h6 15. Bh4
Na5 16. b4 Nc4 17. a4 Qd7 18. axb5 axb5 19. Ra7 Rb8 20. Bg3 Qc6 21. Qd3 Nb2 22.
Qd2 Nc4 23. Qd3 Nb2 24. Qd2 Nc4 25. Qd3 1/2-1/2

[Event "Dutch League 2023-24"]
[Site "Netherlands NED"]
[Date "2024.03.23"]
[Round "8.3"]
[White "Warakomski, Tomasz"]
[Black "Warmerdam, Max"]
[Result "1/2-1/2"]
[WhiteTitle "GM"]
[BlackTitle "GM"]
[WhiteElo "2539"]
[BlackElo "2633"]
[WhiteTeam "Groninger Combinatie"]
[BlackTeam "AMEVO Apeldoorn"]
[WhiteFideId "1124552"]
[BlackFideId "1048104"]
[EventDate "2023.09.16"]
[EventType "team-tourn"]

1. e4 c5 2. Nf3 d6 3. d4 cxd4 4. Nxd4 Nf6 5. Nc3 Nc6 6. Bc4 e6 7. Be3 Bd7 8. Qe2
a6 9. Bb3 b5 10. O-O-O Na5 11. f4 b4 12. Na4 Be7 13. Kb1 Nxb3 14. axb3 O-O 15.
e5 Nd5 16. Nf5 Bxa4 17. bxa4 Nc3+ 18. bxc3 exf5 19. cxb4 Qb8 20. c3 dxe5 21. Bc1
e4 22. Rd7 Bf6 23. Qc4 Qb6 24. Rc7 Qf2 25. Qf1 Qb6 26. Qc4 Qf2 27. Qf1 Qb6 1/2-1/2

[Event "Dutch League 2023-24"]
[Site "Netherlands NED"]
[Date "2024.03.23"]
[Round "8.4"]
[White "Pruijssers, Roeland"]
[Black "Van der Hagen, Loek"]
[Result "1-0"]
[WhiteTitle "GM"]
[BlackTitle "FM"]
[WhiteElo "2520"]
[BlackElo "2346"]
[WhiteTeam "AMEVO Apeldoorn"]
[BlackTeam "Groninger Combinatie"]
[WhiteFideId "1013068"]
[BlackFideId "1052853"]
[EventDate "2023.09.16"]
[EventType "team-tourn"]

1. d4 Nf6 2. Nc3 d5 3. Bf4 a6 4. e3 h6 5. Nf3 e6 6. Bd3 c5 7. dxc5 Bxc5 8. O-O
Nc6 9. e4 d4 10. Ne2 O-O 11. e5 Nd5 12. Bg3 Nde7 13. Qd2 Nf5 14. Rad1 Nxg3 15.
Nxg3 Qc7 16. Qe2 b6 17. Qe4 g6 18. Rfe1 Bb7 19. Qh4 Kh7 20. Ng5+ Kg7 21. Bxg6
Nxe5 22. Nh5+ Kh8 23. Nf4 fxg6 24. Qxh6+ Kg8 25. Nfxe6 Qe7 26. Rxe5 1-0

[Event "Dutch League 2023-24"]
[Site "Netherlands NED"]
[Date "2024.03.23"]
[Round "8.5"]
[White "De Boer, Eelke"]
[Black "Rijnaarts, Sjef"]
[Result "1-0"]
[WhiteTitle "FM"]
[BlackTitle "FM"]
[WhiteElo "2399"]
[BlackElo "2276"]
[WhiteTeam "Groninger Combinatie"]
[BlackTeam "AMEVO Apeldoorn"]
[WhiteFideId "1048120"]
[BlackFideId "1014870"]
[EventDate "2023.09.16"]
[EventType "team-tourn"]

1. e4 c5 2. Nf3 d6 3. d4 cxd4 4. Nxd4 Nf6 5. Nc3 a6 6. Be3 e5 7. Nb3 Be7 8. Be2
Be6 9. O-O O-O 10. Bf3 Nbd7 11. a4 Nb6 12. a5 Nc4 13. Bc1 b5 14. axb6 Qxb6 15.
Qe2 Rfc8 16. Rd1 a5 17. Rd3 Bd7 18. Rb1 a4 19. Nd2 Nxd2 20. Bxd2 Bb5 21. Nxb5
Qxb5 22. Qd1 d5 23. exd5 e4 24. Re3 Qxd5 25. Bc3 Rxc3 26. bxc3 Qf5 27. Bxe4 Nxe4
28. Qe2 a3 29. Rxe4 a2 30. Ra1 Rb8 31. Rxe7 Rb1+ 32. Qe1 Rxe1+ 33. Rexe1 h5 34.
Rxa2 Qc5 35. Re3 Qd5 36. Ra1 Qd2 37. h4 Qxc2 38. g3 Kh7 39. Ra5 Kg6 40. Kg2 Qb3
41. Rg5+ Kh6 42. Rf5 f6 43. Rf4 Qd5+ 44. Ref3 Qd2 45. Rd4 Qb2 46. Rdf4 Qc2 47.
c4 Qc1 48. Rd3 Qc2 49. Rd5 Qb3 50. Kh2 Qc2 51. Rc5 Qc3 52. Rff5 g6 53. Rf4 f5
54. Kg2 Qb4 55. Re5 Qc3 56. Re3 Qc1 57. Rd4 Qc2 58. Re7 1-0

[Event "Dutch League 2023-24"]
[Site "Netherlands NED"]
[Date "2024.03.23"]
[Round "8.6"]
[White "Van de Oudeweetering, Arthur"]
[Black "Zaragatski, Ilja"]
[Result "0-1"]
[WhiteTitle "IM"]
[BlackTitle "GM"]
[WhiteElo "2253"]
[BlackElo "2450"]
[WhiteTeam "AMEVO Apeldoorn"]
[BlackTeam "Groninger Combinatie"]
[WhiteFideId "1000551"]
[BlackFideId "4655192"]
[EventDate "2023.09.16"]
[EventType "team-tourn"]

1. e4 c5 2. c3 Nf6 3. e5 Nd5 4. Nf3 Nc6 5. Bc4 Nb6 6. Bb3 d5 7. exd6 Qxd6 8. O-O
Be6 9. Bxe6 Qxe6 10. a4 Nd5 11. d4 cxd4 12. Nxd4 Qd7 13. Na3 e6 14. Nc4 Be7 15.
Nxc6 Qxc6 16. Ne5 Qc7 17. Re1 O-O 18. Qb3 Bd6 19. Nf3 h6 20. Bd2 Rfd8 21. Rad1
Rd7 22. h3 Rad8 23. c4 Qb6 24. Qc2 Nb4 25. Bxb4 Bxb4 26. Rxd7 Rxd7 27. Rd1 Qd8
28. Rxd7 Qxd7 29. Ne5 Qd4 30. Nd3 Bf8 31. Kf1 e5 32. Nc1 e4 33. Ne2 Qe5 34. Qc3
Bd6 35. b3 f5 36. g3 Kf7 37. h4 Qxc3 38. Nxc3 Ke6 39. Ke2 Ke5 40. f4+ exf3+ 41.
Kxf3 a6 42. h5 Kd4 43. Nd5 Kd3 44. a5 Kc2 45. b4 Kb3 46. c5 Be5 47. c6 bxc6 48.
Ne7 Kc4 49. Nxc6 Bd6 50. b5 Kxb5 51. Nd4+ Kxa5 52. Nxf5 Bf8 53. Ke4 Kb4 54. Kd5
a5 55. Ke6 a4 56. Kf7 Bc5 0-1

[Event "Dutch League 2023-24"]
[Site "Netherlands NED"]
[Date "2024.03.23"]
[Round "8.7"]
[White "Van Foreest, Machteld"]
[Black "Meurs, Tom"]
[Result "1-0"]
[WhiteTitle "FM"]
[WhiteElo "2332"]
[BlackElo "2249"]
[WhiteTeam "Groninger Combinatie"]
[BlackTeam "AMEVO Apeldoorn"]
[WhiteFideId "1051563"]
[BlackFideId "1021176"]
[EventDate "2023.09.16"]
[EventType "team-tourn"]

1. e4 e5 2. Nf3 Nc6 3. Bc4 Nf6 4. d3 Bc5 5. c3 a5 6. O-O O-O 7. Re1 d6 8. h3 Ba7
9. a4 Be6 10. Na3 Re8 11. Bg5 h6 12. Bh4 g5 13. Bxe6 Rxe6 14. Bg3 Nh5 15. Kh2
Qf6 16. Nc4 Nf4 17. Ne3 Ne7 18. d4 exd4 19. cxd4 h5 20. h4 g4 21. e5 Qh6 22. Ng5 1-0